10 Most Populous Cities in Utah - Statistics

General Stats
  • This quiz has been taken 19 times
  • The average score is 6 of 10
Answer Stats
Population City % Correct
212,570 Salt Lake City
100%
112,756 Provo
89%
87,257 Ogden
83%
107,424 St. George
83%
132,635 West Valley City
67%
114,200 West Jordan
61%
94,548 Orem
50%
90,282 Sandy
44%
86,719 South Jordan
39%
94,684 Lehi
22%
No matching quizzes found
Score Distribution
Percent of People with Each Score
Percentile by Number Answered
Your Score History
You have not taken this quiz